00678nam a2200193Ia 4500008004100000100002400041245012300065260001100188300002100199440004800220521001000268650002400278650002400302650002800326650002000354942000700374999001900381952008400400140626s9999 xx 000 0 und d aRoediger, Henry L. aTest-enhanced learning in the classroom :blong-term improvements from quizzing /cHenry L. Roediger III ... [et al.]. cc2011. a17 : 4, page 382 aJournal of Experimental Psycholgy : Applied aPSYCH aClassroom learning. aRetrieval practice. aTest-enhanced learning. aTesting effect. cSE c121330d121330 001040aCLbCLcPERd2014-06-26l0pS0438r2014-06-26 00:00:00w2014-06-26ySE